000 00308nam a2200133Ia 4500
008 221030s9999 xx 000 0 und d
041 _aEnglish
082 _a105.23
100 _aR K Taxali
245 0 _aPC Software for Windows 98 Made Simple
_cby R K Taxali
260 _c0
650 _aMc
942 _cBK
999 _c11065
_d11065